Algunos ensayos sobre técnica edificatoria
| Main Author: | |
|---|---|
| Format: | Section = Libro |
| Language: | Undetermined Spanish |
| Published: |
Barcelona
Universidad Politécnica de Barcelona
1974
|
| Subjects: |
| LEADER | 00554nam a2200193Ia 4500 | ||
|---|---|---|---|
| 008 | 240829s9999 xx 000 0 und d | ||
| 020 | |a 84-600-6494-8 | ||
| 040 | |a BIBLIOTECA-RUSB/ 721 B318 | ||
| 041 | |a spa | ||
| 082 | |a 721 B318 | ||
| 100 | 1 | |a Buenaventura Bassegoda, Musté | |
| 245 | 1 | 0 | |a Algunos ensayos sobre técnica edificatoria |
| 260 | |a Barcelona |b Universidad Politécnica de Barcelona |c 1974 | ||
| 300 | |a 368 p. :il. | ||
| 650 | 7 | |a CONSTRUCCION ARQUITECTONICA | |
| 650 | 7 | |b ESTRUCTURAS-DISEÑO | |
| 942 | |c BK |2 ddc | ||
| 991 | |a TEXTO | ||
| 999 | |c 5096 | ||